African Languages from a Role and Reference Grammar Perspective : Studies on the Syntax-Semantics-pragmatics Interface.

Bibliographic Details
Main Author: Fleischhauer, Jens.
Other Authors: Kihara, Claudius Patrick.
Format: eBook
Language:English
Published: Düsseldorf : Walter de Gruyter GmbH, 2023.
Edition:1st ed.
Subjects:
Online Access:Click to View
LEADER 01516nam a22003493i 4500
001 EBC30483767
003 MiAaPQ
005 20231204023230.0
006 m o d |
007 cr cnu||||||||
008 231204s2023 xx o ||||0 eng d
020 |a 9783110795295  |q (electronic bk.) 
035 |a (MiAaPQ)EBC30483767 
035 |a (Au-PeEL)EBL30483767 
040 |a MiAaPQ  |b eng  |e rda  |e pn  |c MiAaPQ  |d MiAaPQ 
082 0 |a 496 
100 1 |a Fleischhauer, Jens. 
245 1 0 |a African Languages from a Role and Reference Grammar Perspective :  |b Studies on the Syntax-Semantics-pragmatics Interface. 
250 |a 1st ed. 
264 1 |a Düsseldorf :  |b Walter de Gruyter GmbH,  |c 2023. 
264 4 |c {copy}2023. 
300 |a 1 online resource (204 pages) 
336 |a text  |b txt  |2 rdacontent 
337 |a computer  |b c  |2 rdamedia 
338 |a online resource  |b cr  |2 rdacarrier 
588 |a Description based on publisher supplied metadata and other sources. 
590 |a Electronic reproduction. Ann Arbor, Michigan : ProQuest Ebook Central, 2023. Available via World Wide Web. Access may be limited to ProQuest Ebook Central affiliated libraries.  
655 4 |a Electronic books. 
700 1 |a Kihara, Claudius Patrick. 
776 0 8 |i Print version:  |a Fleischhauer, Jens  |t African Languages from a Role and Reference Grammar Perspective  |d Düsseldorf : Walter de Gruyter GmbH,c2023 
797 2 |a ProQuest (Firm) 
856 4 0 |u https://ebookcentral.proquest.com/lib/matrademy/detail.action?docID=30483767  |z Click to View